[Event "Lindores Abbey Rapid"]
[Site "Internet"]
[Date "19.05.2020"]
[Round "1"]
[White "Carlsen,M"]
[Black "Grischuk,A"]
[Result "1-0"]
[WhiteElo "2863"]
[BlackElo "2777"]
[EventDate "2020.05.19"]

1. e4 e5 2. Nf3 Nc6 3. Bb5 Nf6 4. d3 Bc5 5. Bxc6 dxc6 6. Nc3 O-O 7. Be3 Bd6
8. Bg5 Qe7 9. h3 Re8 10. g4 Qe6 11. Nh4 Nd7 12. Nf5 Nc5 13. h4 Bf8 14. h5
f6 15. Be3 Qf7 16. f4 exf4 17. Bxf4 b5 18. Qf3 Ne6 19. Be3 Bb7 20. O-O-O b4
21. Na4 c5 22. h6 g6 23. Ng7 Bxg7 24. hxg7 c4 25. Nc5 Nxc5 26. Bxc5 cxd3
27. cxd3 a5 28. Bf8 Rxf8 29. gxf8=Q+ Rxf8 30. Kb1 Qd7 31. Rc1 a4 32. Qe3
Rf7 33. Rc4 b3 34. a3 Qxg4 35. Rxa4 f5 36. Rd4 fxe4 37. Rd8+ Rf8 38. Rxf8+
Kxf8 39. Qc5+ Ke8 40. Qxc7 Bc8 41. Qe5+ Kd8 42. Qh8+ Kc7 43. Rxh7+ Kc6 44.
Qc3+ Kd6 45. Qd4+ Ke6 46. dxe4 1-0

[Event "Lindores Abbey Rapid"]
[Site "Internet"]
[Date "19.05.2020"]
[Round "1"]
[White "Yu Yangyi"]
[Black "So,W"]
[Result "0-1"]
[WhiteElo "2709"]
[BlackElo "2770"]
[EventDate "2020.05.19"]

1. d4 Nf6 2. c4 e6 3. Nc3 d5 4. cxd5 Nxd5 5. e4 Nxc3 6. bxc3 c5 7. a3 g6 8.
Nf3 Bg7 9. Be2 Nc6 10. e5 b6 11. h4 h6 12. Be3 Bb7 13. O-O Qc7 14. Nd2 Rd8
15. Rc1 O-O 16. h5 g5 17. f4 gxf4 18. Rxf4 Ne7 19. Rg4 Nf5 20. Bf2 Kh8 21.
Bf3 Rg8 22. a4 Rc8 23. Bxb7 Qxb7 24. Nf3 cxd4 25. cxd4 Rxc1 26. Qxc1 Rc8
27. Qf1 Qc6 28. Rf4 Kg8 29. Nh4 Ne7 30. Be1 Qxa4 31. Kh2 Qd1 32. Rxf7 Nf5
33. Rxf5 exf5 34. Qxf5 Rf8 35. Qe6+ Rf7 36. Nf3 Qc2 37. Qe8+ Rf8 38. Qe6+
Rf7 39. Qe8+ Rf8 40. Qe6+ Kh7 41. Nh4 Rf1 42. Bg3 Qd1 43. Qg6+ Kg8 44. Qe8+
Bf8 45. Qe6+ Kh7 46. Qg6+ Kh8 47. Kh3 Qxd4 48. Nf3 Rh1+ 49. Bh2 Qf4 50. e6
Bd6 51. Qe8+ Qf8 52. Qd7 Bxh2 53. Nxh2 Qf5+ 54. Kg3 Qe5+ 55. Kf3 Qf6+ 56.
Kg3 Qg7+ 57. Ng4 Qxd7 58. exd7 Rd1 59. Ne5 Kg7 60. Kf3 a5 61. Ke4 Rd6 62.
Nc4 Rxd7 63. Nxb6 Rb7 0-1

[Event "Lindores Abbey Rapid"]
[Site "Internet"]
[Date "19.05.2020"]
[Round "2"]
[White "Karjakin,Sergey"]
[Black "Yu Yangyi"]
[Result "1-0"]
[WhiteElo "2752"]
[BlackElo "2709"]
[EventDate "2020.05.19"]

1. d4 d5 2. Nf3 Nf6 3. Bf4 g6 4. e3 Bg7 5. Nbd2 O-O 6. c3 b6 7. Be2 c5 8.
O-O Bb7 9. b4 c4 10. Ne5 Nbd7 11. Bf3 Qc8 12. a4 Nxe5 13. Bxe5 Bh6 14. Qc2
Nd7 15. Bf4 Bg7 16. e4 e5 17. dxe5 Nxe5 18. Bxe5 Bxe5 19. exd5 Qc7 20. g3
Rac8 21. Rfd1 Rfd8 22. Nf1 h5 23. Ne3 Qd6 24. Be2 Qf6 25. Rac1 h4 26. Bxc4
Bd6 27. Rd4 hxg3 28. hxg3 Re8 29. Qd2 Qg5 30. Bb5 Red8 31. Bc6 Bxc6 32.
dxc6 Bxg3 33. fxg3 Qxg3+ 34. Ng2 Re8 35. b5 Qe5 36. Rd5 Qe7 37. Rd7 Qc5+
38. Qf2 Qc4 39. Rf1 Rf8 40. Qd4 Qe6 41. Rf6 Qe2 42. Rxg6+ 1-0

[Event "Lindores Abbey Rapid"]
[Site "Internet"]
[Date "19.05.2020"]
[Round "3"]
[White "Aronian,L"]
[Black "Grischuk,A"]
[Result "1/2-1/2"]
[WhiteElo "2773"]
[BlackElo "2777"]
[EventDate "2020.05.19"]

1. d4 Nf6 2. Nf3 d5 3. e3 c5 4. Nbd2 cxd4 5. exd4 Bf5 6. c3 e6 7. Nh4 Bg4
8. Be2 Bxe2 9. Qxe2 Qc7 10. Nb3 Nbd7 11. g3 Be7 12. Bf4 Qb6 13. O-O a5 14.
Nc1 Qa6 15. Qxa6 Rxa6 16. a4 Ne4 17. Ng2 g5 18. Be3 h5 19. Nd3 h4 20. f3
Nd6 21. Bf2 Nc4 22. Rfd1 Rb6 23. Ra2 hxg3 24. hxg3 Bd6 25. Ne3 Bxg3 26.
Nxc4 Bxf2+ 27. Nxf2 dxc4 28. Ng4 Ke7 29. Ne3 Rc6 30. Ra3 Nf6 31. b3 Nd5 32.
Nxd5+ exd5 33. bxc4 Rxc4 34. Rb1 Rhc8 35. Rxb7+ Ke6 36. Ra2 f6 37. Re2+ Kf5
38. Rb5 Rxc3 39. Rxd5+ Kf4 40. Rxa5 Rxf3 41. Rc5 Rxc5 42. dxc5 Rc3 43. a5
Rxc5 44. Ra2 Rc7 45. a6 Ra7 46. Kg2 Ke5 47. Kf3 Kd5 48. Kg4 Kc5 49. Kf5 Kb5
50. Kxf6 Rxa6+ 51. Rxa6 Kxa6 52. Kxg5 1/2-1/2

[Event "Lindores Abbey Rapid"]
[Site "Internet"]
[Date "19.05.2020"]
[Round "3"]
[White "Ding Liren"]
[Black "Carlsen,M"]
[Result "1/2-1/2"]
[WhiteElo "2791"]
[BlackElo "2863"]
[EventDate "2020.05.19"]

1. d4 Nf6 2. c4 e6 3. g3 d5 4. Bg2 Bb4+ 5. Bd2 a5 6. Nf3 dxc4 7. Qc2 b6 8.
Ne5 Ra7 9. O-O Bxd2 10. Qxd2 Bb7 11. Bxb7 Rxb7 12. Nxc4 Nc6 13. Rd1 O-O 14.
Nc3 Qa8 15. d5 exd5 16. Nxd5 Nxd5 17. Qxd5 Rbb8 18. Rac1 Rfd8 19. Qe4 Nb4
20. Rxd8+ Rxd8 21. Qxa8 Rxa8 22. a3 Na6 23. Rd1 Nc5 24. f3 a4 25. Kf2 f6
26. g4 Kf7 27. h4 Ke6 28. h5 g6 29. Ne3 gxh5 30. gxh5 Rg8 31. Nd5 Rg7 32.
Nf4+ Ke7 33. h6 Rf7 34. Nd5+ Ke6 35. Nf4+ Ke7 36. e4 c6 37. Ke3 Nd7 38. Ne2
f5 39. Nd4 fxe4 40. fxe4 Ne5 41. Nf5+ Kf6 42. Rd6+ Kg5 43. Kd4 Kf4 44. Ng7
Nf3+ 45. Kc3 Ne5 46. Kd4 Nf3+ 47. Kc3 Ne5 48. Kd4 1/2-1/2

[Event "Lindores Abbey Rapid"]
[Site "Internet"]
[Date "19.05.2020"]
[Round "4"]
[White "Grischuk,A"]
[Black "So,W"]
[Result "1/2-1/2"]
[WhiteElo "2777"]
[BlackElo "2770"]
[EventDate "2020.05.19"]

1. e4 e5 2. Nf3 Nc6 3. Bb5 Nf6 4. d3 Bc5 5. Ba4 O-O 6. O-O d6 7. c3 Ne7 8.
h3 Ng6 9. d4 Bb6 10. Bc2 c6 11. Re1 Re8 12. Nbd2 Bc7 13. Nf1 d5 14. Bg5
dxe4 15. Rxe4 Bf5 16. Re3 Bxc2 17. Qxc2 h6 18. Bxf6 Qxf6 19. Rae1 Re7 20.
dxe5 Nxe5 21. Nxe5 Bxe5 22. Nd2 Rae8 23. Nf3 g6 24. Nxe5 Rxe5 25. Rxe5 Rxe5
26. Rxe5 Qxe5 27. h4 Qe1+ 28. Kh2 Kg7 29. g3 Kf6 30. Kg2 Ke5 31. Qb3 Qe4+
32. Kg1 Qe1+ 33. Kg2 Qe4+ 34. Kg1 Qe1+ 35. Kg2 1/2-1/2

[Event "Lindores Abbey Rapid"]
[Site "Internet"]
[Date "19.05.2020"]
[Round "4"]
[White "Aronian,L"]
[Black "Ding Liren"]
[Result "1/2-1/2"]
[WhiteElo "2773"]
[BlackElo "2791"]
[EventDate "2020.05.19"]

1. e4 c5 2. Nf3 d6 3. c3 Nf6 4. Be2 g6 5. O-O Bg7 6. d3 Nc6 7. h3 O-O 8.
Be3 e5 9. Nbd2 Re8 10. a3 a5 11. a4 b6 12. Re1 d5 13. exd5 Nxd5 14. Bg5 Qc7
15. Bh4 Nf4 16. Bf1 Ba6 17. Qc2 h6 18. Rad1 Nh5 19. Qb3 Rab8 20. Ne4 Bb7
21. Ng3 Nf4 22. Ne4 Nh5 23. Ng3 Nf4 24. Ne4 Nh5 1/2-1/2

[Event "Lindores Abbey Rapid"]
[Site "Internet"]
[Date "20.05.2020"]
[Round "5"]
[White "Ding Liren"]
[Black "Grischuk,A"]
[Result "0-1"]
[WhiteElo "2791"]
[BlackElo "2777"]
[EventDate "2020.05.19"]

1. d4 Nf6 2. c4 e6 3. g3 d5 4. Bg2 dxc4 5. Qa4+ Bd7 6. Qxc4 c5 7. dxc5 Bc6
8. Nf3 Nbd7 9. Be3 Bd5 10. Qc2 Be4 11. Qc1 Nd5 12. c6 bxc6 13. O-O Nxe3 14.
Qxe3 Bd5 15. Nbd2 Be7 16. Qf4 e5 17. Qf5 O-O 18. Rfd1 Qc7 19. Rac1 Rad8 20.
Nc4 e4 21. Ne3 Bxa2 22. Qxe4 Nf6 23. Rxd8 Nxe4 24. Rxf8+ Bxf8 25. Nd4 Qb6
0-1

[Event "Lindores Abbey Rapid"]
[Site "Internet"]
[Date "20.05.2020"]
[Round "5"]
[White "Yu Yangyi"]
[Black "Carlsen,M"]
[Result "1-0"]
[WhiteElo "2709"]
[BlackElo "2863"]
[EventDate "2020.05.19"]

1. d4 d5 2. c4 c6 3. Nf3 Nf6 4. Nc3 e6 5. e3 Nbd7 6. Qc2 a5 7. a4 Bd6 8.
Be2 O-O 9. O-O dxc4 10. Bxc4 e5 11. Ba2 Qe7 12. h3 Bb4 13. dxe5 Nxe5 14.
Nd4 c5 15. Ndb5 Be6 16. Bxe6 fxe6 17. e4 Nh5 18. Ne2 g5 19. Be3 g4 20. Ng3
Qh4 21. Nxh5 Qxh5 22. f4 gxf3 23. Nc7 fxg2 24. Qxg2+ Kh8 25. Nxe6 Rg8 26.
Bg5 Rxg5 27. Qxg5 Qxg5+ 28. Nxg5 Rg8 29. h4 h6 30. Rf5 Nd3 31. b3 hxg5 32.
hxg5 Kg7 33. Rd1 c4 34. bxc4 Nc5 35. Re5 Rc8 36. Kg2 Rc7 37. Rd8 Nxa4 38.
Ree8 Nc5 39. Kf3 a4 40. Kg4 a3 41. Rg8+ Kf7 42. Kf5 Nd7 43. g6+ Ke7 44. e5
1-0

[Event "Lindores Abbey Rapid"]
[Site "Internet"]
[Date "20.05.2020"]
[Round "5"]
[White "So,W"]
[Black "Karjakin,Sergey"]
[Result "1/2-1/2"]
[WhiteElo "2770"]
[BlackElo "2752"]
[EventDate "2020.05.19"]

1. e4 e5 2. Nf3 Nc6 3. Bb5 Nf6 4. d3 Bc5 5. Bxc6 dxc6 6. Nbd2 Nd7 7. Nc4 f6
8. O-O O-O 9. c3 Re8 10. b4 Bf8 11. a4 Nb6 12. Na5 c5 13. bxc5 Bxc5 14. d4
exd4 15. cxd4 Bf8 16. Re1 c6 17. Ba3 Bxa3 18. Rxa3 Qe7 19. Ra1 Be6 20. Nb3
Bf7 21. Qc2 Rad8 22. Qc3 Nc4 23. h3 b6 24. d5 cxd5 25. exd5 Ne5 26. Nxe5
fxe5 27. a5 Bxd5 28. Re3 Qg5 29. Rg3 Qf6 30. axb6 axb6 31. Re3 h6 32. Nd2
Re7 33. Rae1 Rde8 34. Ne4 Qc6 35. Qxc6 Bxc6 36. Nd6 Rd8 37. Nc4 b5 38. Nxe5
Be8 39. Re4 Kh7 40. f4 1/2-1/2

[Event "Lindores Abbey Rapid"]
[Site "Internet"]
[Date "20.05.2020"]
[Round "6"]
[White "Grischuk,A"]
[Black "Karjakin,Sergey"]
[Result "1/2-1/2"]
[WhiteElo "2777"]
[BlackElo "2752"]
[EventDate "2020.05.19"]

1. d4 Nf6 2. c4 e6 3. Nf3 d5 4. Nc3 Be7 5. Bf4 O-O 6. e3 Nbd7 7. a3 c5 8.
cxd5 Nxd5 9. Nxd5 exd5 10. dxc5 Nxc5 11. Be5 Bg4 12. Be2 Bxf3 13. Bxf3 Bf6
14. Rc1 Rc8 15. Bxf6 Qxf6 16. Rc2 d4 17. Qxd4 Qxd4 18. exd4 Nb3 19. Rxc8
Rxc8 20. O-O Nxd4 21. Bxb7 Rb8 22. Rd1 Ne6 23. Bd5 Rxb2 24. g3 Nf8 25. Rd4
Rc2 26. Rc4 Rxc4 27. Bxc4 Nd7 28. f4 Kf8 29. Kf2 Ke7 30. Ke3 f5 31. Kd4 Kd6
32. Bd3 g6 33. Be2 Nf6 34. Bf3 Ng4 35. h3 Nf6 36. Kc4 Nh5 37. Bxh5 gxh5 38.
Kd4 h4 39. gxh4 h5 40. a4 a5 41. Kc4 Kc6 42. Kd4 Kd6 43. Kc4 Kc6 44. Kd4
Kd6 45. Kc4 1/2-1/2

[Event "Lindores Abbey Rapid"]
[Site "Internet"]
[Date "20.05.2020"]
[Round "6"]
[White "Carlsen,M"]
[Black "Wei Yi"]
[Result "1-0"]
[WhiteElo "2863"]
[BlackElo "2732"]
[EventDate "2020.05.19"]

1. e4 c5 2. Nf3 d6 3. Bb5+ Nd7 4. a4 Ngf6 5. Nc3 a6 6. Be2 b6 7. d4 cxd4 8.
Qxd4 Bb7 9. O-O e6 10. Rd1 Qc7 11. Be3 Be7 12. Nd2 O-O 13. Nc4 d5 14. exd5
Nxd5 15. Nxd5 Bxd5 16. Bf4 Qb7 17. Nd6 Bxd6 18. Bxd6 Rfc8 19. Ra3 Qc6 20.
Rg3 g6 21. Bf4 Qxc2 22. Bh6 f6 23. Re1 Qe4 24. Qd1 Qc2 25. Qd4 Qe4 26. Qd1
Qc2 27. Qa1 Ne5 28. h4 Nf7 29. Be3 Nd6 30. Bxb6 Qc6 31. a5 Nf5 32. Rc3 Qb7
33. f3 Nxh4 34. b4 e5 35. Rec1 Rxc3 36. Qxc3 Nf5 37. Qc7 Nd4 38. Bxd4 Qxc7
39. Rxc7 exd4 40. Rd7 Bc6 41. Rxd4 Kf7 42. Rd6 1-0

[Event "Lindores Abbey Rapid"]
[Site "Internet"]
[Date "20.05.2020"]
[Round "6"]
[White "Aronian,L"]
[Black "Yu Yangyi"]
[Result "1-0"]
[WhiteElo "2773"]
[BlackElo "2709"]
[EventDate "2020.05.19"]

1. c4 c5 2. Nc3 Nf6 3. g3 e6 4. Nf3 b6 5. Bg2 Bb7 6. O-O Be7 7. Re1 d5 8.
cxd5 Nxd5 9. d4 cxd4 10. Qa4+ Nd7 11. Nxd5 Bxd5 12. Nxd4 Bxg2 13. Kxg2 O-O
14. Nc6 Nc5 15. Qc4 Qd7 16. Nxe7+ Qxe7 17. Be3 Rac8 18. Rac1 Rfd8 19. Qg4
f5 20. Qb4 Rd5 21. Red1 Qd7 22. Rxd5 Qxd5+ 23. f3 Qxa2 24. Qb5 h6 25. b4
Qb3 26. Bxc5 bxc5 27. Qd7 Rb8 28. bxc5 Qe3 29. Qd1 Kh7 30. Rc2 Rc8 31. c6
Qb3 32. Qd2 a5 33. Rc5 Qb4 34. Qd6 Rc7 35. g4 a4 36. gxf5 exf5 37. Qe5 a3
38. Qxf5+ g6 39. Qe5 Qb6 40. Rc2 h5 41. h4 Qa7 42. Qd6 Kh6 43. Qe5 Kh7 44.
Qd6 Kh6 45. Ra2 Re7 46. e4 Qc7 47. Qf6 1-0

[Event "Lindores Abbey Rapid"]
[Site "Internet"]
[Date "20.05.2020"]
[Round "7"]
[White "Yu Yangyi"]
[Black "Ding Liren"]
[Result "1-0"]
[WhiteElo "2709"]
[BlackElo "2791"]
[EventDate "2020.05.19"]

1. d4 Nf6 2. c4 g6 3. Nc3 d5 4. Nf3 Bg7 5. Qb3 dxc4 6. Qxc4 O-O 7. e4 a6 8.
e5 b5 9. Qb3 Nfd7 10. e6 fxe6 11. Ng5 Nb6 12. Nxe6 Bxe6 13. Qxe6+ Kh8 14.
Be3 Qd6 15. Qxd6 exd6 16. h4 Nc6 17. O-O-O b4 18. Ne4 h6 19. d5 Ne7 20.
Bxb6 cxb6 21. g3 Nf5 22. Bh3 Nd4 23. Rhe1 b3 24. Kb1 bxa2+ 25. Kxa2 a5 26.
f4 a4 27. Rc1 b5 28. Nxd6 b4 29. Rc8 b3+ 30. Kb1 a3 31. bxa3 Rfxc8 32. Bxc8
Nc2 33. Re5 Ra5 34. Be6 Nxa3+ 35. Kb2 Nb5 36. Nf7+ Kh7 37. Kxb3 Bxe5 38.
fxe5 Nd4+ 39. Kb4 Ra7 40. Nd8 Ra8 41. Kc4 Rxd8 42. Kxd4 Kg7 43. d6 Kf8 44.
Bd5 Ke8 45. Bc6+ Kf7 46. Kd5 1-0

[Event "Lindores Abbey Rapid"]
[Site "Internet"]
[Date "20.05.2020"]
[Round "8"]
[White "Carlsen,M"]
[Black "So,W"]
[Result "1/2-1/2"]
[WhiteElo "2863"]
[BlackElo "2770"]
[EventDate "2020.05.19"]

1. d4 Nf6 2. c4 g6 3. Nc3 d5 4. cxd5 Nxd5 5. e4 Nxc3 6. bxc3 Bg7 7. Bc4 c5
8. Ne2 Nc6 9. Be3 O-O 10. h4 cxd4 11. cxd4 Na5 12. Bd3 Nc6 13. Bc4 Na5 14.
Bb3 h5 15. O-O Nxb3 16. axb3 e5 17. Bg5 Qd6 18. d5 Bd7 19. Qd2 Rfc8 20.
Rfc1 Rxc1+ 21. Rxc1 a5 22. Ra1 b6 23. Be3 Bf6 24. Bg5 Bg7 25. Be3 Bf6 26.
Bg5 Bg7 1/2-1/2

[Event "Lindores Abbey Rapid"]
[Site "Internet"]
[Date "21.05.2020"]
[Round "9"]
[White "Yu Yangyi"]
[Black "Grischuk,A"]
[Result "1/2-1/2"]
[WhiteElo "2709"]
[BlackElo "2777"]
[EventDate "2020.05.19"]

1. d4 d5 2. c4 e6 3. Nc3 Nf6 4. cxd5 exd5 5. Bg5 c6 6. Qc2 h6 7. Bh4 g6 8.
e3 Bf5 9. Bd3 Bxd3 10. Qxd3 Bg7 11. Nge2 O-O 12. O-O Nbd7 13. Rae1 Re8 14.
f3 Rc8 15. Bf2 Nf8 16. Nf4 Ne6 17. Nxe6 Rxe6 18. h3 Nh5 19. g4 Nf6 20. Kg2
Qd7 21. Ne2 Rce8 22. Nf4 R6e7 23. Qd2 Rd8 24. Nd3 Ree8 25. Bh4 Rc8 26. Re2
Nh7 27. Bg3 Ng5 28. Rfe1 Rcd8 29. Nc5 Qc8 30. Nd3 Qd7 31. Nc5 Qc8 32. Nd3
Qd7 1/2-1/2

[Event "Lindores Abbey Rapid"]
[Site "Internet"]
[Date "21.05.2020"]
[Round "9"]
[White "So,W"]
[Black "Aronian,L"]
[Result "1/2-1/2"]
[WhiteElo "2770"]
[BlackElo "2773"]
[EventDate "2020.05.19"]

1. d4 Nf6 2. c4 e6 3. Nf3 d5 4. g3 Be7 5. Bg2 O-O 6. O-O dxc4 7. Qc2 a6 8.
a4 Bd7 9. Qxc4 Bc6 10. Bg5 h6 11. Bf4 Bd6 12. Nc3 Nbd7 13. Bd2 Ne4 14. Rfd1
Nb6 15. Qd3 Nxc3 16. bxc3 Bxa4 17. Rdc1 c5 18. c4 Bc6 19. e4 Re8 20. Ba5
Bc7 21. d5 exd5 22. exd5 Nxd5 23. cxd5 Bxa5 24. Rxa5 Qxa5 25. dxc6 bxc6 26.
Qf5 Re6 27. Rxc5 Qa3 28. Ra5 Qc3 29. Rc5 Qa3 30. Ra5 Qc3 31. Rc5 Qa3
1/2-1/2

[Event "Lindores Abbey Rapid"]
[Site "Internet"]
[Date "21.05.2020"]
[Round "9"]
[White "Karjakin,Sergey"]
[Black "Carlsen,M"]
[Result "1/2-1/2"]
[WhiteElo "2752"]
[BlackElo "2863"]
[EventDate "2020.05.19"]

1. e4 c5 2. Nf3 e6 3. d4 cxd4 4. Nxd4 Nf6 5. Nc3 d6 6. g4 e5 7. Bb5+ Bd7 8.
Bxd7+ Qxd7 9. Nf5 h5 10. gxh5 Nxh5 11. Nd5 Nc6 12. Bg5 g6 13. Ng3 Bg7 14.
c3 Nf4 15. h4 Nxd5 16. Qxd5 Bh6 17. Bf6 Ne7 18. Qd3 Rh7 19. Rd1 Rd8 20. h5
Bf4 21. hxg6 Rxh1+ 22. Nxh1 fxg6 23. Ng3 Qe6 24. Qb5+ Rd7 25. Bxe7 Kxe7 26.
Ne2 Bg5 27. Qd5 Qxd5 28. Rxd5 Ke6 29. Rd3 Rh7 30. Rg3 Rh1+ 31. Rg1 Rxg1+
32. Nxg1 d5 33. f3 b5 34. Ke2 dxe4 35. fxe4 Bc1 36. b3 Bb2 37. Kd3 g5 38.
Kc2 Ba3 39. b4 a5 40. Kb3 Bc1 41. bxa5 Be3 42. Ne2 Kd6 43. c4 Kc5 44. cxb5
Kxb5 45. Kc3 g4 46. Kd3 Bf2 47. Nc3+ Kxa5 48. Ke2 Bh4 49. Nd5 Ka4 50. Ne3
g3 51. Kf3 Ka3 52. Nc4+ Kxa2 53. Nxe5 Kb3 54. Ng6 Bf6 55. Kxg3 Kc4 56. Kf4
Kd4 57. Kf5 Ke3 58. Kxf6 Kxe4 1/2-1/2

[Event "Lindores Abbey Rapid"]
[Site "Internet"]
[Date "21.05.2020"]
[Round "10"]
[White "Aronian,L"]
[Black "Karjakin,Sergey"]
[Result "1/2-1/2"]
[WhiteElo "2773"]
[BlackElo "2752"]
[EventDate "2020.05.19"]

1. c4 Nf6 2. Nc3 e5 3. Nf3 Nc6 4. g3 Bb4 5. Nd5 Bc5 6. Bg2 d6 7. O-O O-O 8.
d3 h6 9. e3 a6 10. Bd2 Ba7 11. Bc3 Re8 12. Rc1 Bf5 13. Nh4 Bh7 14. Kh1 Nxd5
15. Bxd5 Rb8 16. Qd2 Ne7 17. Bg2 b5 18. b3 Qd7 19. Rce1 Nf5 20. Nxf5 Bxf5
21. f4 bxc4 22. bxc4 Bh3 23. Bxh3 Qxh3 24. f5 Rb7 25. Qe2 Reb8 26. Qf3 Bc5
27. Rd1 Bb4 28. Ba1 Ba3 29. Bc3 h5 30. f6 g6 31. d4 exd4 32. exd4 Bb2 33.
Qf4 Qc8 34. Ba5 Qg4 35. Qh6 Qe4+ 36. Kg1 Bxd4+ 37. Rxd4 Qxd4+ 38. Kh1 Qe4+
39. Kg1 Qd4+ 40. Kh1 Qe4+ 41. Kg1 Qd4+ 1/2-1/2

[Event "Lindores Abbey Rapid"]
[Site "Internet"]
[Date "21.05.2020"]
[Round "10"]
[White "Ding Liren"]
[Black "So,W"]
[Result "1/2-1/2"]
[WhiteElo "2791"]
[BlackElo "2770"]
[EventDate "2020.05.19"]

1. e4 e5 2. Nf3 Nc6 3. Bb5 Nf6 4. O-O Nxe4 5. Re1 Nd6 6. Nxe5 Be7 7. Bf1
Nf5 8. Nf3 d5 9. d4 O-O 10. Nc3 Nh4 11. Nxh4 Bxh4 12. Ne2 Ne7 13. c3 c6 14.
Ng3 Nf5 15. Bd3 Nxg3 16. hxg3 Bf6 17. Qc2 g6 18. Bh6 Bg7 19. Bxg7 Kxg7 20.
Re5 Re8 21. Rae1 Rxe5 22. Rxe5 Bd7 23. Qe2 Qf8 24. b4 Re8 25. a4 f6 26. Re3
b6 27. a5 Kf7 28. Rxe8 Qxe8 29. Qxe8+ Kxe8 30. axb6 axb6 31. Kf1 1/2-1/2

[Event "Lindores Abbey Rapid"]
[Site "Internet"]
[Date "21.05.2020"]
[Round "10"]
[White "Nakamura,Hi"]
[Black "Duda,J"]
[Result "1-0"]
[WhiteElo "2736"]
[BlackElo "2753"]
[EventDate "2020.05.19"]

1. e4 c5 2. Nf3 d6 3. Bb5+ Nd7 4. Ba4 Ngf6 5. O-O a6 6. c4 g6 7. Nc3 Bg7 8.
h3 O-O 9. d3 Rb8 10. Rb1 Qa5 11. Bd2 Qc7 12. a3 e6 13. b4 b6 14. bxc5 bxc5
15. Qc2 Nb6 16. Bb3 Nfd7 17. Na4 Na8 18. Bc3 Bxc3 19. Nxc3 Nab6 20. Qd2 Bb7
21. Qh6 Rfd8 22. Ng5 Nf8 23. f4 f6 24. Nf3 Bc6 25. Qh4 Qg7 26. Rfe1 Rd7 27.
Qf2 Rdb7 28. Ba2 f5 29. d4 fxe4 30. Nxe4 Na4 31. Rxb7 Rxb7 32. d5 Rb2 33.
Qh4 exd5 34. Nf6+ Kh8 35. cxd5 Bb5 36. Bc4 Bxc4 37. Re8 h5 38. Nd7 Bxd5 39.
Rxf8+ Bg8 40. Qd8 1-0

[Event "Lindores Abbey Rapid"]
[Site "Internet"]
[Date "21.05.2020"]
[Round "11"]
[White "Karjakin,Sergey"]
[Black "Ding Liren"]
[Result "1/2-1/2"]
[WhiteElo "2752"]
[BlackElo "2791"]
[EventDate "2020.05.19"]

1. e4 e5 2. Nf3 Nc6 3. Bb5 Nf6 4. O-O Nxe4 5. d4 Nd6 6. Bxc6 dxc6 7. dxe5
Nf5 8. Qxd8+ Kxd8 9. h3 Be7 10. Nc3 Nh4 11. Nxh4 Bxh4 12. Be3 h5 13. Rad1+
Ke8 14. Ne2 Bf5 15. Nd4 Bh7 16. f4 Rd8 17. f5 Rd5 18. Bf4 Be7 19. g4 Bc5
20. c3 g6 21. f6 hxg4 22. h4 g5 23. hxg5 Bg6 24. Rfe1 Bf5 25. e6 fxe6 26.
Kg2 Bxd4 27. Rxd4 Kf7 28. Bxc7 Rh3 29. Bg3 Rh5 30. Bf4 Rh3 31. Bg3 Rh5 32.
Bf4 Rh3 33. Bg3 1/2-1/2